| 000 | 00436nam a22001697a 4500 | ||
|---|---|---|---|
| 003 | UA-OsUOA | ||
| 001 | 5322 | ||
| 007 | ta | ||
| 008 | 20050721b un ||||| |||| 00| 0 ukr d | ||
| 100 | _aКолодій | ||
| 700 | _aН. Й. | ||
| 942 | _cBK | ||
| 040 |
_aUA-OsUOA _cUA-OsUOA _dUA-OsUOA |
||
| 245 |
_aІндивідуальний підхід у навч. техніки читання анг. _bBA Paper |
||
| 955 | _a2 | ||
| 650 | 7 | _2UDC | |
| 999 |
_c291484 _d291484 |
||